Statistics for Linkin Park Charting Songs (Billboard Hot Rock)

Click here to take the quiz!

General Stats

  • This quiz has been taken 57 times
    (22 since last reset)
  • The average score is 22 of 39

Answer Stats

AlbumWeeks OnPeakArtist(s)Song% Correct
Hybrid Theory12 Weeks#3Linkin ParkIn the End
94%
Reanimation2 Weeks#17Jay-Z + Linkin ParkNumb / Encore
94%
Transformers: Revenge of the Fallen – The Album32 Weeks#1Linkin ParkNew Divide
89%
Meteora8 Weeks#2Linkin ParkNumb
89%
One More Light26 Weeks#6Linkin ParkOne More Light
89%
Living Things25 Weeks#1Linkin ParkBurn It Down
83%
Hybrid Theory5 Weeks#14Linkin ParkOne Step Closer
83%
Hybrid Theory6 Weeks#8Linkin ParkCrawling
78%
One More Light29 Weeks#2Linkin Park ft. KiiaraHeavy
78%
Minutes to Midnight1 Week#16Linkin ParkBleed It Out
72%
Meteora2 Weeks#15Linkin ParkFaint
72%
Meteora2025 Weeks#4Linkin ParkLost
72%
Minutes to Midnight6 Weeks#7Linkin ParkWhat I've Done
72%
Meteora3 Weeks#12Linkin ParkBreaking the Habit
67%
Hybrid Theory1 Week#18Linkin ParkPapercut
67%
A Thousand Suns13 Weeks#1Linkin ParkThe Catalyst
67%
Living Things19 Weeks#32Linkin ParkCastle of Glass
56%
One More Light4 Weeks#15Linkin Park ft. Pusha T & StormzyGood Goodbye
56%
Minutes to Midnight1 Week#22Linkin ParkLeave Out All the Rest
56%
Living Things20 Weeks#10Linkin ParkLost in the Echo
56%
One More Light5 Weeks#13Linkin ParkTalking to Myself
56%
A Thousand Suns38 Weeks#2Linkin ParkWaiting for the End
56%
The Hunting Party2 Weeks#18Linkin ParkFinal Masquerade
50%
Meteora5 Weeks#9Linkin ParkSomewhere I Belong
50%
Recharged19 Weeks#11Linkin Park x Steve AokiA Light That Never Comes
44%
One More Light5 Weeks#11Linkin ParkBattle Symphony
44%
Meteora209 Weeks#14Linkin ParkFighting Myself
44%
One More Light3 Weeks#32Linkin ParkInvisible
44%
The Hunting Party17 Weeks#19Linkin Park ft. RakimGuilty All the Same
39%
One More Light2 Weeks#37Linkin ParkNobody Can Save Me
39%
The Hunting Party2 Weeks#21Linkin Park ft. Daron MalakianRebellion
39%
One More Light1 Week#46Linkin ParkHalfway Right
33%
One More Light1 Week#41Linkin ParkSorry for Now
33%
The Hunting Party18 Weeks#17Linkin ParkUntil It's Gone
33%
Minutes to Midnight1 Week#19Linkin ParkShadow of the Day
28%
Non-Album Single10 Weeks#13Linkin ParkFriendly Fire
22%
A Thousand Suns13 Weeks#29Linkin ParkIridescent
22%
Hybrid Theory (20th Anniversary Edition)1 Week#47Linkin ParkShe Couldn't
22%
The Hunting Party2 Weeks#25Linkin ParkWastelands
17%

Score Distribution

Percentile by Number Answered

Percent of People with Each Score

Your Score History

You have not taken this quiz since the last reset